Les entreprises du groupe Mulliez - Statistiques

Statistiques générales
  • Ce quiz a été pris 57 fois
  • Le résultat moyen est 8 sur 27
Statistiques - réponses
Produits vendus Réponse % Correct
Alimentaire Auchan
90%
Sports Decathlon
80%
Amélioration de l'habitat Leroy Merlin
76%
Vêtements Kiabi
63%
Electroménager Boulanger
61%
Entretien voitures Norauto
57%
Restauration Flunch
49%
Loisirs culturels Cultura
41%
Electroménager Electro Depot
35%
Location de matériel Kiloutou
31%
Vêtements Jules
29%
Décoration des sols, murs Saint Maclou
29%
Meubles Alinéa
22%
Drive Chrono Drive
22%
Jouets PicWicToys
20%
Vêtements Brice
16%
Restauration Les 3 brasseurs
14%
Vêtements BZB
12%
Restauration Pizza Paï
12%
Vêtements Pimkie
8%
Vêtements Tape à l'oeil
8%
Fournitures de bureau Top Office
8%
Restauration Amarine
4%
Vêtements Grain de Malice
4%
Restauration Salad & Co
4%
Vêtements Rouge Gorge
2%
Restauration So Good
0%
Aucun quiz correspondant
Distribution des résultats
% des personnes avec chaque résultat
Percentile par nombre de réponses
Votre historique - résultats
Vous n’avez pas pris ce quiz